000 00411nam a2200145Ia 4500
008 100415s9999 xx 000 0 und d
082 _b19550
_a598.864
100 _aBent,Arthur
245 _aLife Histories Of North American
260 _aWASHIGTON
_c1946
_bSMITHONIAN INSTITUTION
365 _b0
630 _aLife Histories Of North American
730 _aLife Histories Of North American
942 _cBOOK
999 _c602447
_d602444